Los grandes descubrimientos / (Registro nro. 15978)

000 -CABECERA
campo de control de longitud fija 01817nam a22003497a 4500
003 - IDENTIFICADOR DEL NÚMERO DE CONTROL
campo de control OSt
005 - FECHA Y HORA DE LA ÚLTIMA TRANSACCIÓN
campo de control 20251027170919.0
008 - DATOS DE LONGITUD FIJA--INFORMACIÓN GENERAL
campo de control de longitud fija 251027b ||||| |||| 00| 0 spa d
020 ## - NÚMERO INTERNACIONAL ESTÁNDAR DEL LIBRO
Número Internacional Estándar del Libro 9789583069529
040 ## - FUENTE DE LA CATALOGACIÓN
Centro/agencia transcriptor CO-Mq BPB
041 1# - CÓDIGO DE LENGUA
Código de lengua original spa
Código de lengua del texto/banda sonora o título independiente fre
084 ## - OTRO NÚMERO DE CLASIFICACIÓN
Número de clasificación H
Número de documento/Ítem JOLg
100 ## - ENTRADA PRINCIPAL--NOMBRE DE PERSONA
Nombre de persona Joly, Dominique
Fechas asociadas al nombre 1953-
Término indicativo de función/relación aut
9 (RLIN) 292038
245 14 - MENCIÓN DE TÍTULO
Título Los grandes descubrimientos /
Mención de responsabilidad, etc. Dominique Joly ; ilustraciones Emmanuel Olivier ; traducción del francés Jorge Eduardo Salgar :la historia del mundo en cómic.
250 ## - MENCIÓN DE EDICIÓN
Mención de edición Edición especial
264 #1 - PRODUCCIÓN, PUBLICACIÓN, DISTRIBUCIÓN, FABRICACIÓN Y COPYRIGHT
Producción, publicación, distribución, fabricación y copyright Bogotá, Colombia :
Nombre del de productor, editor, distribuidor, fabricante Panamericana,
Fecha de producción, publicación, distribución, fabricación o copyright 2025
300 ## - DESCRIPCIÓN FÍSICA
Extensión 47 páginas :
Otras características físicas ilustraciones a color, tapa rustica
Dimensiones 26 cm
336 ## - TIPO DE CONTENIDO
Término de tipo de contenido texto
Código de tipo de contenido txt
Fuente rdacontenido
337 ## - TIPO DE MEDIO
Nombre/término del tipo de medio sin mediación
Código del tipo de medio n
Fuente rdamedio
338 ## - TIPO DE SOPORTE
Nombre/término del tipo de soporte volumen
Código del tipo de soporte nc
Fuente rdasoporte
520 ## - SUMARIO, ETC.
Sumario, etc. Un interesante libro en formato cómic que presenta la historia de los grandes descubrimientos de los navegantes europeos tras su arribo al continente americano. Los jóvenes lectores aprenderán mucho sobre este periodo histórico que supuso el encuentro entre dos mundos y que cambió para siempre el curso de la humanidad entera
Identificador Uniforme del Recurso <a href="https://www.panamericana.com.co/los-grandes-descubrimientos-621518/p">https://www.panamericana.com.co/los-grandes-descubrimientos-621518/p</a>
521 ## - NOTA DE PÚBLICO DESTINATARIO
Nota de público destinatario Recomendado para un público mayor de 12 años
650 07 - PUNTO DE ACCESO ADICIONAL DE MATERIA--TÉRMINO DE MATERIA
Término de materia o nombre geográfico como elemento de entrada Depresión Momposina (Colombia)
Subdivisión general Historia
9 (RLIN) 292003
Fuente del encabezamiento o término lemb
650 07 - PUNTO DE ACCESO ADICIONAL DE MATERIA--TÉRMINO DE MATERIA
Término de materia o nombre geográfico como elemento de entrada Descubrimientos geográficos
Subdivisión de forma Tiras cómicas, historietas, etc.
9 (RLIN) 167889
Fuente del encabezamiento o término lemb
650 07 - PUNTO DE ACCESO ADICIONAL DE MATERIA--TÉRMINO DE MATERIA
Término de materia o nombre geográfico como elemento de entrada Exploradores
Subdivisión de forma Tiras cómicas, historietas, etc.
9 (RLIN) 14812
Fuente del encabezamiento o término lemb
650 07 - PUNTO DE ACCESO ADICIONAL DE MATERIA--TÉRMINO DE MATERIA
Término de materia o nombre geográfico como elemento de entrada Literatura infantil
Subdivisión cronológica Siglo XX
9 (RLIN) 4409
Fuente del encabezamiento o término lemb
650 07 - PUNTO DE ACCESO ADICIONAL DE MATERIA--TÉRMINO DE MATERIA
Término de materia o nombre geográfico como elemento de entrada Tiras cómicas, historietas, etc
Subdivisión cronológica Siglo XX
9 (RLIN) 318177
Fuente del encabezamiento o término lemb
650 07 - PUNTO DE ACCESO ADICIONAL DE MATERIA--TÉRMINO DE MATERIA
Término de materia o nombre geográfico como elemento de entrada Viajes
Subdivisión de forma Tiras cómicas, historietas, etc.
9 (RLIN) 10606
700 ## - PUNTO DE ACCESO ADICIONAL--NOMBRE DE PERSONA
Nombre de persona Olivier, Emmanuel
Término indicativo de función/relación ill
9 (RLIN) 292042
700 ## - PUNTO DE ACCESO ADICIONAL--NOMBRE DE PERSONA
Nombre de persona Salgar, Jorge Eduardo
Término indicativo de función/relación trl
9 (RLIN) 158622
942 ## - ELEMENTOS DE PUNTO DE ACCESO ADICIONAL (KOHA)
Tipo de ítem Koha Libro Infantil
Existencias
Estado de retiro Estado de pérdida Fuente del sistema de clasificación o colocación Estado dañado No para préstamo Código de colección Localización permanente Ubicación/localización actual Ubicación en estantería Fecha de adquisición Fuente de adquisición Número de inventario Total de préstamos Signatura topográfica completa Código de barras Fecha visto por última vez Número de copia Precio válido a partir de Tipo de ítem Koha Nota pública
          Literatura Infantil Sede: La Armonía de Usca Sede: La Armonía de Usca Literatura 27/10/2025 Donación Min. Cultura 2025 NT   H JOLg MUS000477 27/10/2025 Ej.1 27/10/2025 Libro Infantil Quince dias

© Todos los derechos reservados para la Biblioteca Pública Municipal San Juan Bosco, 2020
Secretaria de Cultura de Mosquera
Carrera 3 N° 10 Esquina Centro Cultural Barrio El Carmén Teléfono: 8270830 Ext: 34
Funcionando con KOHA
Contacto: Biblioteca Pública Municipal San Juan Bosco/ bibliotecasanjuanbosco@mosquera-cundinamarca.gov.co
Mosquera, Cundinamarca